01599nac a22003977a 4500001001000000003000900010005001700019008003400036040005400070072001300124090001900137100001500156100001900171100001800190100001900208100001800227110009800245245010700343260004000450300001000490490014500500500012500645650001200770650000900782650001000791650001100801650001000812650000900822650001000831650001800841650002300859909004700882942001700929999001900946952023600965BR8304771BR-BrBNA20240105115832.0230509b bl.|||m| |||| 00| 0 por d aBR-BrBNAbporcBiblioteca Nacional de Agricultura aF00; E70 a0430 BR83047711 aMori, A.S.1 aChaves, G.C.G.1 aDurey, J.S.F.1 aJesus, R.F. de1 aRibeiro, S.A.1 aComissao Estadual de Planejamento Agricola de Mato Grosso do Sul, Campo Grande (Brasil)920301 aRelatorio de acompanhamento conjuntural. Informe sistematico, marco, 1983 [Mato Grosso do Sul, Brasil]3 aCampo Grande, MS (Brasil): c1983.  a75 p. aRelatorio de Acompanhamento Conjuntural. Informe Sistematico - Comissao Estadual de Planejamento Agricola de Mato Grosso do Sul (Brazil)vx a(*) Documento disponível na(o) Comissao Estadual de Planejamento Agricola de Mato Grosso do Sul, Campo Grande (Brazil) aALGODAO aALHO aARROZ aFEIJAO aMILHO aSOJA aTRIGO aGADO LEITEIRO aMATO GROSSO DO SUL a202312bLúcia Elandec55dLúcia Elande 2AGRISn0cMS c276626d276626 002AGRIS40728Acervo Gerala41918b41918cAGROBASEl0r2023-12-18yMSz(*) Documento disponível na(o) Comissao Estadual de Planejamento Agricola de Mato Grosso do Sul, Campo Grande (Brazil)ePortaria Interministerial nº 164/94